000 00618nam a22002057a 4500
003 KOHA_MİRAKIL
005 20260323095854.0
008 260323b tu ||||| |||| 00| 0 tur d
040 _aTR-AnABB
_btur
_cTR-AnABB
041 _atur
082 _a811.42
_bAKS 1979
100 1 _aAksal, Sabahattin Kudret
245 1 0 _aŞiirler /
_cSabahattin Kudret Aksal
260 _aAnkara :
_bTürkiye İş Bankası Kültür Yayınları,
_c1979
300 _a394 sayfa ;
_c20 cm
500 _aYazar tarafından imzalı.
650 0 0 _aTürk edebiyatı, şiir
900 _bCan ÇELIK
942 _2ddc
_cBK
999 _c9988
_d9988